TV Show & Character Match Quiz Stats

 Plays Quiz Updated May 31, 2018

Score 0/35 Timer 06:00
1 Play Today
% Correct
SpongeBob SquarePants
94.6%
Friends
92.1%
Family Guy
86.9%
Fresh Prince of Bel-Air
85.6%
24
83.5%
Sex and the City
82.7%
South Park
82.4%
How I Met Your Mother
79.5%
The Cosby Show
78.8%
Full House
75.8%
The Office
75.4%
Seinfeld
74.3%
Boy Meets World
71.6%
Saved by the Bell
69.6%
That '70s Show
68.3%
30 Rock
68.2%
Happy Days
68.1%
All in the Family
66.4%
% Correct
Mad Men
64.5%
Sister, Sister
63%
Scrubs
61.4%
United States of Tara
60%
Futurama
57.7%
Desperate Housewives
55.7%
Arrested Development
55.6%
House
51.2%
Parks and Recreation
50.8%
True Blood
50.7%
Law and Order: SVU
46.3%
ER
44.2%
Beverly Hills, 90210
43.8%
The O.C.
40.7%
Grey's Anatomy
40.7%
Community
36.3%
LOST
31.2%

You're not logged in!

Compare scores with friends on all Sporcle quizzes.
OR
Log In

Sporcle TV

Today on Sporcle TV


Watch our educational content, quiz creation guides, and fun videos on Sporcle TV.

Show Comments

Extras

Top Quizzes Today


Score Distribution

Your Account Isn't Verified!

In order to create a playlist on Sporcle, you need to verify the email address you used during registration. Go to your Sporcle Settings to finish the process.

Report this User

Report this user for behavior that violates our Community Guidelines.

Details: